|
|
|
|
| LEADER |
00000nam a2200000 a 4500 |
| 001 |
vtls010586378 |
| 003 |
SK-MaSNL |
| 005 |
20260302050634.0 |
| 008 |
160429s1923 xr 000 0 ger |
| 040 |
|
|
|a SNK
|b slo
|c SNK
|e AACR2
|
| 041 |
0 |
|
|a ger
|
| 044 |
|
|
|a xr
|c CZ
|
| 080 |
|
|
|a 622.33
|2 1981
|
| 080 |
|
|
|a 622.272
|2 1981
|
| 245 |
0 |
0 |
|a Richtlinien für die Bewertung der Kohlengruben zur Vermögens- und Vermögens- zuwachsabgabe
|b (Erlass des Finanzmin. vom 22. Nov. 1923 : Z. 134.260/17.669)
|
| 260 |
|
|
|a Prag
|b Verband der Bergbaubesitzer in der čsl: Republik
|c 1923
|
| 300 |
|
|
|a 60, [1] s.
|c 4°
|
| 650 |
0 |
7 |
|a uhoľné bane
|2 SNK
|9 649048
|
| 650 |
0 |
7 |
|a oceňovanie
|2 SNK
|9 277339
|
| 999 |
|
|
|c 1097828
|d 1099758
|
| 952 |
|
|
|a SNK
|b SNK
|y PREZ
|7 0
|p 17A0846034
|o snkSB 42812
|i snkD 203/88
|8 1
|0 0
|1 0
|4 0
|d 2014-03-31
|f 1
|l 0
|r 2025-05-09 00:00:00
|w 2026-02-24
|